01126 a2200169 45000010006000000050017000060080041000230030015000640400040000790800125001192450030002440200018002742640034002923000019003265050583003451000028009283627120260407155639.0260407a1991 arg spa dAR-UNSa-BCEJYS aAR-UNSa-BCEJYSbspacAR-UNSa-BCEJYS a658.012.2xPlanificación. Programas. Planes. Medidas de apoyo a la planificación( Administración estratégica...)10aDirección estratégica a968-422-868-6 1aMéxico :bMcGraw-Hillc1991 a201 p.c23 cm. aI.: El marco competitivo: 1. El potencial de beneficios de un negocio - 2. La esencia de los beneficios: la ventaja competitiva - 3. La estrategia competitiva - II.: Configurando la empresa : 5. Diversificación - 6. Integración vertical - 7. Estrategia internacional - 8. Competencia y cooperación - III.: La estrategia en acción: 9. Estrategia para sectores muy competitivos - 10. Estrategias para introducirse en nuevos negocios - 11. La estrategia en la práctica - 12. Nota sobre planificación estratégica - 13. Conclusión: Hacia la dirección estratégica.1 aJarillo, José- Carlos